|
|
|
|
| LEADER |
00000nas a2200000 i 4500 |
| 001 |
ssj0000491603 |
| 003 |
WaSeSS |
| 005 |
20200512172242.0 |
| 006 |
m d |
| 007 |
cr n |
| 008 |
020717c19979999gw fx pss 0 b0ger |
| 010 |
|
|
|a 2016204084
|
| 016 |
7 |
|
|a 1395566-4
|2 DE-600
|
| 016 |
7 |
|
|a 2445275 0
|2 DE-600
|
| 022 |
|
|
|a 2190-0191
|l 1433-9889
|y 1433-9889
|
| 035 |
|
|
|a (WaSeSS)ssj0000491603
|
| 040 |
|
|
|a OTZ
|b eng
|e pn
|c OTZ
|d DLC
|d OCLCO
|d OCLCF
|d DLC
|d OCLCO
|d OCLCQ
|d AU@
|d WaSeSS
|
| 041 |
0 |
|
|a ger
|b eng
|
| 042 |
|
|
|a pcc
|
| 050 |
0 |
0 |
|a P129
|
| 210 |
0 |
|
|a Z. angew. Linguist.
|b (Internet)
|
| 222 |
|
0 |
|a Zeitschrift für angewandte Linguistik
|b (Internet)
|
| 245 |
0 |
0 |
|a Zeitschrift für angewandte Linguistik
|h [electronic resource].
|
| 246 |
1 |
|
|a ZfAL
|
| 260 |
|
|
|a Berlin, Germany :
|b De Gruyter Mouton
|
| 310 |
|
|
|a Two issues a year
|
| 362 |
1 |
|
|a Print began with Heft 27 in 1997.
|
| 506 |
|
|
|a License restrictions may limit access.
|
| 546 |
|
|
|a Text in German; summaries in English.
|
| 550 |
|
|
|a Issued by: Gesellschaft für Angewandte Linguistik.
|
| 588 |
|
|
|a Description based on: 052 (2010); title from PDF footer (De Gruyter Online, viewed September 2, 2016).
|
| 588 |
|
|
|a Latest issue consulted: Heft 64 (2016) (De Gruyter Online, viewed September 2, 2016).
|
| 650 |
|
0 |
|a Applied linguistics
|v Periodicals.
|
| 650 |
|
7 |
|a Applied linguistics.
|2 fast
|0 (OCoLC)fst00811758
|
| 655 |
|
0 |
|a Electronic journals.
|
| 710 |
2 |
|
|a Gesellschaft für Angewandte Linguistik.
|
| 776 |
0 |
8 |
|i Print version:
|t Zeitschrift für angewandte Linguistik
|x 1433-9889
|w (DLC) 2002203903
|w (OCoLC)50189536
|
| 780 |
0 |
0 |
|t GAL-Bulletin
|
| 850 |
|
|
|a DLC
|
| 856 |
4 |
0 |
|z Full text available from Research Library: 01/01/2014 to 6 months ago
|u https://search.proquest.com/publication/2031303
|